[Event "Australian op"]
[Site "Manly Sydney"]
[Date "2009.01.08"]
[Round "8"]
[White "Illingworth, Max"]
[Black "Mandla, Blair"]
[Result "1/2-1/2"]
[WhiteElo "2250"]
[BlackElo "2116"]
[PlyCount "189"]
[EventDate "2009.01.02"]
[EventType "swiss"]
[EventRounds "11"]
[EventCountry "AUS"]
[SourceTitle "CBM 128 Extra"]
[Source "ChessBase"]
[SourceDate "2009.03.05"]
[SourceVersion "2"]
[SourceVersionDate "2009.03.25"]
[SourceQuality "1"]

1. d4 e6 2. c4 c5 3. d5 exd5 4. cxd5 d6 5. e4 g6 6. Nc3 Bg7 7. Nge2 Bd7 8. a4 Na6 9. Ng3 Nc7 10. Bd3 Nf6 11. Bf4 Qe7 12. 0-0 Ng4 13. Qd2 Ne5 14. Be2 b6 15. Bh6 Bxh6 16. Qxh6 0-0-0 17. f4 Ng4 18. Bxg4 Bxg4 19. f5 Qe5 20. Qf4 Qxf4 21. Rxf4 h5 22. fxg6 fxg6 23. Rf6 h4 24. Nf1 Bh5 25. Ne3 Ne8 26. Rf7 Rd7 27. Rxd7 Kxd7 28. a5 bxa5 29. Rxa5 Nc7 30. Rxa7 Rb8 31. Nc4 Rb4 32. Ra4 Rb3 33. Ra3 Rb4 34. b3 g5 35. Kf2 Bg6 36. Ke3 Rb8 37. Nd2 g4 38. Ra1 h3 39. gxh3 gxh3 40. Rg1 Bf7 41. Rg7 Ke7 42. Rh7 Kf6 43. Rxh3 Re8 44. Kf4 Bg6 45. Nc4 Rb8 46. Nd2 Rb4 47. Rf3 Bf7 48. Ke3+ Ke7 49. h4 Ne8 50. Rf1 Nf6 51. Rg1 Rb8 52. Ne2 Rh8 53. Ng3 Ng4+ 54. Kf4 Ne5 55. Nf5+ Kf6 56. Nxd6 Rxh4+ 57. Kg3 Rg4+ 58. Kf2 Nd3+ 59. Kf1 Rxg1+ 60. Kxg1 Bxd5 61. N6c4 Ke6 62. Kg2 Bxe4+ 63. Nxe4 Nc1 64. Ncd2 Nxb3 65. Nxb3 c4 66. Na1 c3 67. Nc2 Ke5 68. Kf3 Kf5 69. Ng3+ Ke5 70. Ke3 Kd5 71. Kf4 Kc4 72. Ke4 Kc5 73. Nf5 Kc6 74. Ke5 Kc5 75. Nd6 Kc6 76. Ne4 Kd7 77. Kf6 Ke8 78. Ke6 Kf8 79. Ng5 Kg7 80. Kf5 Kf8 81. Kf6 Kg8 82. Ne6 Kh7 83. Kg5 Kg8 84. Kg6 Kh8 85. Kf7 Kh7 86. Ng7 Kh6 87. Kf6 Kh7 88. Nf5 Kg8 89. Ke7 Kh8 90. Kf8 Kh7 91. Kf7 Kh8 92. Nh6 Kh7 93. Ng4 Kh8 94. Kf6 Kg8 95. Ke7 1/2-1/2

[Event "Australian op"]
[Site "Manly Sydney"]
[Date "2009.01.04"]
[Round "4"]
[White "Mandla, Blair"]
[Black "Smirnov, Vladimir"]
[Result "0-1"]
[WhiteElo "2116"]
[BlackElo "2372"]
[PlyCount "56"]
[EventDate "2009.01.02"]
[EventType "swiss"]
[EventRounds "11"]
[EventCountry "AUS"]
[SourceTitle "CBM 128 Extra"]
[Source "ChessBase"]
[SourceDate "2009.03.05"]
[SourceVersion "2"]
[SourceVersionDate "2009.03.25"]
[SourceQuality "1"]

1. e4 c5 2. Nf3 Nc6 3. d4 cxd4 4. Nxd4 Nf6 5. Nc3 e5 6. Ndb5 h6 7. Nd5 Nxd5 8. exd5 a6 9. dxc6 axb5 10. cxd7+ Bxd7 11. Qd5 Qc7 12. Bd2 b4 13. Bb5 Rd8 14. 0-0-0 Be7 15. Rhe1 0-0 16. Bxd7 Rxd7 17. Qxe5 Bd6 18. Qe4 Rfd8 19. g3 Qa5 20. Kb1 Bc5 21. Qe2 Re7 22. Qf3 Rxd2 23. Rxe7 Rxd1+ 24. Qxd1 Bxe7 25. Qe2 Qd5 26. a3 Qe6 27. Qf3 bxa3 28. bxa3 Bf6 0-1

[Event "Australian op"]
[Site "Manly Sydney"]
[Date "2009.01.03"]
[Round "2"]
[White "Davis, Tony J"]
[Black "Mandla, Blair"]
[Result "0-1"]
[WhiteElo "1967"]
[BlackElo "2116"]
[PlyCount "92"]
[EventDate "2009.01.02"]
[EventType "swiss"]
[EventRounds "11"]
[EventCountry "AUS"]
[SourceTitle "CBM 128 Extra"]
[Source "ChessBase"]
[SourceDate "2009.03.05"]
[SourceVersion "2"]
[SourceVersionDate "2009.03.25"]
[SourceQuality "1"]

1. d4 c5 2. d5 e5 3. e4 d6 4. Bd3 Be7 5. Ne2 Bg4 6. f3 Bh5 7. Be3 Bh4+ 8. Ng3 Ne7 9. Nc3 a6 10. a4 Nd7 11. 0-0 Bxg3 12. hxg3 0-0 13. g4 Bg6 14. Qe1 Rb8 15. Ne2 b5 16. axb5 axb5 17. Ng3 c4 18. Be2 Rb7 19. Nf5 Bxf5 20. gxf5 Qb8 21. g4 f6 22. Qh4 g5 23. fxg6 Nxg6 24. Qg3 Nc5 25. Ra2 Ra7 26. Rfa1 Rff7 27. b4 cxb3 28. cxb3 Rxa2 29. Rxa2 Ra7 30. Rxa7 Qxa7 31. Bxb5 Qa1+ 32. Kh2 Nxb3 33. Bd7 Nd4 34. Qf2 Qd1 35. Bxd4 exd4 36. Be6+ Kg7 37. f4 d3 38. Qa7+ Kh6 39. g5+ fxg5 40. fxg5+ Kxg5 41. Qe3+ Kf6 42. Qf2+ Ke5 43. Qf5+ Kd4 44. Qf2+ Kc3 45. Kg3 d2 46. Bg4 Qe1 0-1

[Event "Australian op"]
[Site "Manly Sydney"]
[Date "2009.01.03"]
[Round "3"]
[White "Mandla, Blair"]
[Black "Xie, George Wendi"]
[Result "1-0"]
[WhiteElo "2116"]
[BlackElo "2397"]
[PlyCount "96"]
[EventDate "2009.01.02"]
[EventType "swiss"]
[EventRounds "11"]
[EventCountry "AUS"]
[SourceTitle "CBM 128 Extra"]
[Source "ChessBase"]
[SourceDate "2009.03.05"]
[SourceVersion "2"]
[SourceVersionDate "2009.03.25"]
[SourceQuality "1"]

1. c4 e5 2. Nc3 Nf6 3. d3 Bb4 4. Nf3 Nc6 5. g3 e4 6. Ng5 Bxc3+ 7. bxc3 exd3 8. exd3 0-0 9. Bg2 Re8+ 10. Be3 d5 11. cxd5 Bg4 12. Qb3 Ne5 13. c4 h6 14. Ne4 b6 15. 0-0 Be2 16. Nxf6+ Qxf6 17. Rfe1 Nf3+ 18. Bxf3 Bxf3 19. Bf4 c6 20. d4 Be4 21. Be5 Qf5 22. dxc6 Bxc6 23. Qc3 Rac8 24. Bxg7 Rxe1+ 25. Rxe1 Bd5 26. Qe3 Bxc4 27. Bxh6 Bxa2 28. h3 Bd5 29. g4 Qg6 30. Rc1 Rxc1+ 31. Qxc1 Kh7 32. Qg5 Be4 33. Qxg6+ Kxg6 34. Bd2 Kf6 35. f4 a5 36. Kf2 a4 37. Ke3 Bg2 38. h4 a3 39. h5 Bd5 40. g5+ Kg7 41. h6+ Kg6 42. f5+ Kh7 43. Kf4 f6 44. gxf6 a2 45. Bc3 Kxh6 46. Ke5 Bf7 47. d5 Kh7 48. d6 Be8 1-0

[Event "New South Wales Australia Day op"]
[Site "Cammeray"]
[Date "2008.01.26"]
[Round "1"]
[White "Mandla, Blair"]
[Black "Ryan, Mark"]
[Result "1-0"]
[WhiteElo "1991"]
[BlackElo "2047"]
[PlyCount "105"]
[EventDate "2008.01.26"]
[EventType "swiss"]
[EventRounds "7"]
[EventCountry "AUS"]
[SourceTitle "EXT 2010"]
[Source "ChessBase"]
[SourceDate "2010.11.25"]
[SourceVersion "1"]
[SourceVersionDate "2010.11.25"]
[SourceQuality "1"]

1. c4 e5 2. Nc3 Nf6 3. g3 Be7 4. Bg2 0-0 5. a3 c6 6. e4 d6 7. b4 Be6 8. d3 Nbd7 9. Nge2 a5 10. b5 cxb5 11. Nxb5 Nc5 12. Be3 Bd7 13. Bxc5 dxc5 14. Nec3 Re8 15. Rb1 Bc6 16. Bh3 Bf8 17. 0-0 Bd7 18. Bxd7 Qxd7 19. f4 Ng4 20. Qf3 Ra6 21. Nd5 Bd6 22. f5 Nf6 23. Nxf6+ gxf6 24. Nc3 Bf8 25. Nd5 Rb8 26. Rb5 Qd8 27. Rfb1 b6 28. a4 Bh6 29. Qg4+ Kh8 30. Qd1 Bf8 31. Qb3 h6 32. h4 Be7 33. Kg2 Kh7 34. Qa3 Qd6 35. R1b3 Bd8 36. Qc1 Qf8 37. Qe3 Qd6 38. Kh3 Qf8 39. Rxc5 Be7 40. Nxe7 Qxe7 41. Rcb5 Qd6 42. c5 Qd7 43. cxb6 Qc6 44. b7 Qc2 45. Rb1 Qxa4 46. Qc5 Qd4 47. Qc7 Qd6 48. Qxf7+ Kh8 49. Rd5 Qf8 50. Qxf8+ Rxf8 51. b8Q Rxb8 52. Rxb8+ Kg7 53. Rd7# 1-0